International Labour Documentation

Saved in:
Bibliographic Details
Format: Serial
Language:English
Published: Geneva International Labour Office 1987
Tags: Add Tag
No Tags, Be the first to tag this record!

MARC

LEADER 00000nas2a2200000 4500
001 s031023
005 20250730114141.4
041 0 |a eng 
044 |a CH 
245 1 0 |a International Labour Documentation 
264 1 |a Geneva  |b International Labour Office  |c 1987 
300 |a 2 zv. 
773 0 |w eu_un_cat*s120797